Vista normal
Vista MARC
Entrada Materia (personas)
Número de registros utilizados en: 1
001 - CONTROL NUMBER
- control field: 66056
003 - CONTROL NUMBER IDENTIFIER
- control field: Co-BoUCM
005 - DATE AND TIME OF LATEST TRANSACTION
- control field: 20141124105030.0
008 - FIXED-LENGTH DATA ELEMENTS
- fixed length control field: 141124|| aca||aabn | a|a d
040 ## - CATALOGING SOURCE
- Original cataloging agency: Co-BoUCM
- Transcribing agency: Co-BoUCM
100 ## - HEADING--PERSONAL NAME
- Personal name: Eybel, Joseph Valentin
- Dates associated with a name: 1741-1805.
670 ## - SOURCE DATA FOUND
- Source citation: Work cat.: (Co-BoUCM)73367: Eybel, Joseph Valentin 1741-1805., Introductio in Jus Eclesiasticum catholicorum Tomus primus. Comprehendens prolegomena Tomus secundus. De distinctione potestatis sacrae a civili, et de juribus principum circa sacra. Tomus tertius. De Sacro Imperio, et singulis gradibus rectorum, et ministrorum Ecclesiae. Tomus quartus. De singulis Sacri Imperii partibus, et quae inde prodiit, Ecclesiae Catolicae politia., 1781